000 00745nam a2200205 i 4500
001 9163
003 ES-MaACL
005 20230906145623.0
007 t|
008 930521s1975 sp ||||1| spa d
080 _a84(Montaigne,1.06)
100 1 _aLópez Fanego, Otilia.
_973632
245 1 0 _aContribución al estudio de la influencia de Montaigne en España
_b: [extracto de] tesis doctoral /
_cOtilia López Fanego.
260 _aMadrid :
_bUniversidad Complutense,
_c1975.
300 _a43 p. ;
_c22 cm.
600 1 4 _aMontaigne, Michel de-
_xTraducciones.
_982331
600 1 4 _aCisneros, Diego de.
_938917
710 2 _aUniversidad Complutense de Madrid.
_bFacultad de Filosofía y Letras.
_97125
852 _aES-MaACL
_j2146-F-10
_bR.120974
999 _c9163
_d9163